へき地4・5級地指定学校のある市町村 - Statistics

General Stats
  • This quiz has been taken 62 times
  • The average score is 45 of 66
Answer Stats
都道府県名 市町村名 学校名 % Correct
東京都 小笠原村 小笠原小学校 ほか
87%
東京都 青ヶ島村 青ヶ島小中学校
81%
沖縄県 北大東村 北大東小中学校
81%
長崎県 対馬市 豆酘小学校 ほか
79%
長崎県 壱岐市 三島小学校
79%
沖縄県 石垣市 伊野田小学校 ほか
79%
長崎県 対馬市 西小学校 ほか
79%
鹿児島県 十島村 口之島小中学校 ほか
79%
沖縄県 石垣市 明石小学校 ほか
79%
沖縄県 南大東村 南大東小中学校
79%
新潟県 佐渡市 内海府小学校 ほか
77%
鹿児島県 奄美市 芦花部小中学校 ほか
77%
沖縄県 宮古島市 狩俣小学校 ほか
77%
鹿児島県 奄美市 崎原小中学校 ほか
77%
鹿児島県 三島村 三島硫黄島学園 ほか
77%
鹿児島県 与論町 与論小学校 ほか
77%
沖縄県 与那国町 与那国小学校 ほか
77%
東京都 利島村 利島小中学校
75%
鹿児島県 屋久島町 永田小学校 ほか
75%
北海道 利尻町 仙法志小学校
75%
北海道 利尻富士町 利尻小学校
75%
長崎県 五島市 久賀小中学校 ほか
75%
鹿児島県 屋久島町 金岳小学校 ほか
75%
東京都 新島村 式根島小学校 ほか
73%
鹿児島県 瀬戸内町 古仁屋小学校 ほか
73%
北海道 礼文町 香深井小学校
73%
東京都 御蔵島村 御蔵島小中学校
73%
新潟県 粟島浦村 粟島浦小学校 ほか
73%
鹿児島県 瀬戸内町 篠川小中学校 ほか
73%
東京都 三宅村 三宅小学校 ほか
71%
長崎県 小値賀町 小値賀小学校大島分校
71%
鹿児島県 西之表市 安城小学校
71%
沖縄県 渡嘉敷村 阿波連小学校
71%
沖縄県 渡名喜村 渡名喜小中学校
71%
鹿児島県 徳之島町 亀津小学校 ほか
71%
山口県 萩市 見島小中学校
69%
沖縄県 伊是名村 伊是名小学校 ほか
69%
沖縄県 竹富町 大原小学校 ほか
69%
鹿児島県 和泊町 和泊小学校 ほか
69%
沖縄県 竹富町 古見小学校 ほか
69%
鹿児島県 喜界町 喜界小学校 ほか
67%
沖縄県 伊平屋村 伊平屋小学校 ほか
67%
鹿児島県 喜界町 早町小学校
67%
沖縄県 伊平屋村 野甫小中学校
67%
沖縄県 粟国村 粟国小中学校
65%
鹿児島県 宇検村 田検小学校 ほか
65%
鹿児島県 知名町 知名小学校 ほか
65%
沖縄県 多良間村 多良間小学校 ほか
65%
鹿児島県 天城町 天城小学校 ほか
63%
山口県 下関市 蓋井小学校
62%
山口県 上関町 祝島小学校
62%
宮崎県 椎葉村 大河内小学校
60%
鹿児島県 龍郷町 龍郷小学校 ほか
60%
北海道 羽幌町 天売小中学校 ほか
60%
香川県 丸亀市 小手島中学校
58%
鹿児島県 大和村 大和小学校 ほか
58%
沖縄県 座間味村 阿嘉小中学校 ほか
58%
鹿児島県 大和村 大棚小学校 ほか
58%
鹿児島県 伊仙町 伊仙小学校 ほか
58%
愛媛県 上島町 魚島小学校 ほか
54%
福岡県 福岡市西区 小呂小学校 ほか
48%
北海道 新得町 富村牛小中学校
44%
愛媛県 西予市 大野ヶ原小学校
42%
北海道 幌加内町 朱鞠内小学校
38%
熊本県 八代市 泉第八小学校
38%
北海道 積丹町 日司小学校 ほか
33%
No matching quizzes found
Score Distribution
Percent of People with Each Score
Percentile by Number Answered
Your Score History
You have not taken this quiz